Pays en C - Statistiques

Statistiques générales
  • Ce quiz a été pris 2 446 fois
  • Le résultat moyen est 12 sur 18
Statistiques - réponses
Réponse % Correct
Canada
87%
Chine
86%
Croatie
78%
Cameroun
76%
Colombie
76%
Chili
72%
Corée du Sud
72%
Corée du Nord
71%
République démocratique du Congo
69%
République du Congo
69%
Cambodge
66%
Chypre
66%
Cuba
60%
Comores
58%
Costa Rica
58%
Cap-Vert
52%
Côte d'Ivoire
47%
République centrafricaine / Centrafrique
24%
Aucun quiz correspondant
Distribution des résultats
% des personnes avec chaque résultat
Percentile par nombre de réponses
Votre historique - résultats
Vous n’avez pas pris ce quiz